[Event "Torneo Benidorm Gran Hotel Bali - B 2022"]
[Site "Benidorm ESP"]
[Date "2022.12.07"]
[Round "6.12"]
[White "Bote Kobolo, Benjamin E."]
[Black "Aragon Gutierrez, Alejandro"]
[Result "0-1"]
[WhiteElo "1965"]
[BlackElo "1848"]
[PlyCount "166"]
[EventDate "2022.12.03"]
[EventType "swiss"]
[EventRounds "9"]
[EventCountry "ESP"]
[SourceTitle "Ajedrez en Madrid"]
[Source "lmi"]
[SourceDate "2022.12.03"]
[SourceVersion "1"]
[SourceVersionDate "2022.12.10"]
[SourceQuality "1"]

1. e4 {[%emt 0:05:10]} e6 {[%emt 0:00:09]} 2. Nf3 {[%emt 0:02:03]} d5 {[%emt 0:00:13]} 3. Nc3 {[%emt 0:01:45]} Nf6 {[%emt 0:00:06]} 4. exd5 {[%emt 0:07:17]} exd5 {[%emt 0:00:50]} 5. d4 {[%emt 0:00:05]} Bd6 {[%emt 0:00:17]} 6. Nb5 {[%emt 0:00:03]} Bb4+ {[%emt 0:00:49]} 7. c3 {[%emt 0:00:34]} Ba5 {[%emt 0:00:24]} 8. Bf4 {[%emt 0:04:50]} a6 {[%emt 0:05:48]} 9. Na3 {[%emt 0:00:31]} O-O {[%emt 0:00:36]} 10. Be2 {[%emt 0:00:51]} Qe7 {[%emt 0:03:23]} 11. Nc2 {[%emt 0:03:55]} Re8 {[%emt 0:03:44]} 12. Ne3 {[%emt 0:02:15]} Nbd7 {[%emt 0:02:25]} 13. O-O {[%emt 0:00:22]} Nf8 {[%emt 0:00:49]} 14. Re1 {[%emt 0:01:39]} c6 {[%emt 0:07:14]} 15. Bd3 {[%emt 0:02:31]} Qd8 {[%emt 0:08:01]} 16. Bg5 {[%emt 0:02:33]} Bc7 {[%emt 0:01:29]} 17. Qb3 {[%emt 0:01:56]} Rb8 {[%emt 0:07:06]} 18. Rad1 {[%emt 0:04:16]} Be6 {[%emt 0:03:51]} 19. Qc2 {[%emt 0:02:35]} Ng6 {[%emt 0:02:23]} 20. c4 {[%emt 0:03:59]} dxc4 {[%emt 0:12:02]} 21. Nxc4 {[%emt 0:01:07]} Qd5 {[%emt 0:12:36]} 22. Bxf6 {[%emt 0:01:05]} gxf6 {[%emt 0:00:26]} 23. b3 {[%emt 0:01:47]} Qh5 {[%emt 0:01:05]} 24. Ne3 {[%emt 0:08:14]} Nf4 {[%emt 0:02:15]} 25. Bf5 {[%emt 0:05:07]} Kh8 {[%emt 0:10:01]} 26. Bxe6 {[%emt 0:02:03]} fxe6 {[%emt 0:01:13]} 27. Nf1 {[%emt 0:03:22]} Rbd8 {[%emt 0:07:41]} 28. Ng3 {[%emt 0:00:26]} Qd5 {[%emt 0:00:32]} 29. Qc4 {[%emt 0:02:59]} Rd7 {[%emt 0:03:44]} 30. Qxd5 {[%emt 0:01:57]} Rxd5 {[%emt 0:00:42]} 31. Ne4 {[%emt 0:00:02]} Kg7 {[%emt 0:01:42]} 32. Nc5 {[%emt 0:01:22]} Bb6 {[%emt 0:00:58]} 33. b4 {[%emt 0:07:29]} Bxc5 {[%emt 0:00:29]} 34. bxc5 {[%emt 0:00:15]} Kf7 {[%emt 0:00:23]} 35. Rb1 {[%emt 0:00:30]} Re7 {[%emt 0:00:26]} 36. Re4 {[%emt 0:02:18]} Ng6 {[%emt 0:00:23]} 37. g3 {[%emt 0:00:30]} Red7 {[%emt 0:01:35]} 38. h4 {[%emt 0:00:48]} h5 {[%emt 0:00:37]} 39. Re2 {[%emt 0:00:43]} Rc7 {[%emt 0:00:18]} 40. Kg2 {[%emt 0:00:32]} e5 {[%emt 0:00:12]} 41. dxe5 {[%emt 0:00:46]} Nxe5 {[%emt 0:00:11]} 42. Nxe5+ {[%emt 0:04:52]} fxe5 {[%emt 0:00:08]} 43. Rc1 {[%emt 0:00:40]} Kf6 {[%emt 0:00:24]} 44. Rc3 {[%emt 0:00:44]} Rcd7 {[%emt 0:00:48]} 45. Ree3 {[%emt 0:00:41]} Rd2 {[%emt 0:01:07]} 46. a3 {[%emt 0:01:19]} R2d5 {[%emt 0:00:33]} 47. Kf3 {[%emt 0:00:29]} Rd4 {[%emt 0:00:28]} 48. Kg2 {[%emt 0:00:45]} R4d5 {[%emt 0:00:32]} 49. Rf3+ {[%emt 0:00:14]} Kg6 {[%emt 0:01:07]} 50. a4 {[%emt 0:03:32]} Rf7 {[%emt 0:00:12]} 51. Rb3 {[%emt 0:03:13]} Rdd7 {[%emt 0:00:31]} 52. Rxf7 {[%emt 0:00:08]} Kxf7 {[%emt 0:00:06]} 53. Kf3 {[%emt 0:00:09]} Ke6 {[%emt 0:00:26]} 54. Ke3 {[%emt 0:00:33]} Kf5 {[%emt 0:00:21]} 55. f3 {[%emt 0:00:10]} a5 {[%emt 0:00:18]} 56. Rd3 {[%emt 0:00:46]} Rd5 {[%emt 0:01:45]} 57. Rc3 {[%emt 0:00:34]} Rd4 {[%emt 0:00:22]} 58. Rb3 {[%emt 0:03:12]} Rb4 {[%emt 0:00:07]} 59. Ra3 {[%emt 0:01:19]} Rc4 {[%emt 0:00:38]} 60. Rb3 {[%emt 0:00:48]} Rb4 {[%emt 0:00:52]} 61. Ra3 {[%emt 0:02:00]} Ke6 {[%emt 0:00:04]} 62. Rd3 {[%emt 0:00:20]} Rxa4 {[%emt 0:00:37]} 63. Rd6+ Kf7 {[%emt 0:00:44]} 64. Rh6 {[%emt 0:00:02]} Rb4 {[%emt 0:00:35]} 65. Rxh5 {[%emt 0:00:09]} Kf6 {[%emt 0:00:03]} 66. Rh8 {[%emt 0:00:15]} Rb3+ {[%emt 0:00:22]} 67. Ke2 {[%emt 0:00:10]} a4 {[%emt 0:00:18]} 68. Ra8 {[%emt 0:00:04]} a3 {[%emt 0:00:12]} 69. g4 {[%emt 0:00:11]} Kg6 {[%emt 0:00:37]} 70. Kf2 {[%emt 0:00:06]} Kh6 {[%emt 0:00:30]} 71. Ra4 {[%emt 0:01:02]} Kg6 {[%emt 0:00:43]} 72. Kg3 {[%emt 0:00:31]} Kh6 {[%emt 0:00:21]} 73. Kg2 {[%emt 0:01:00]} Kg6 {[%emt 0:00:04]} 74. Kg3 {[%emt 0:00:51]} Kh6 {[%emt 0:00:09]} 75. g5+ {[%emt 0:00:13]} Kh5 {[%emt 0:00:41]} 76. Ra8 {[%emt 0:00:02]} e4 {[%emt 0:00:35]} 77. Kf4 {[%emt 0:01:51]} exf3 {[%emt 0:01:11]} 78. Kf5 {[%emt 0:00:14]} Kxh4 {[%emt 0:00:27]} 79. Rh8+ {[%emt 0:00:16]} Kg3 {[%emt 0:00:16]} 80. g6 {[%emt 0:00:04]} f2 {[%emt 0:01:01]} 81. Rh1 {[%emt 0:00:19]} Kg2 {[%emt 0:00:12]} 82. g7 {[%emt 0:02:24]} Rg3 {[%emt 0:00:06]} 83. Ra1 {[%emt 0:02:00]} f1=Q+ {[%emt 0:00:36]} 0-1

[Event "Torneo Benidorm Gran Hotel Bali - B 2022"]
[Site "Benidorm ESP"]
[Date "2022.12.08"]
[Round "7.1"]
[White "Kushal, O."]
[Black "Ferro Martinez, Damian"]
[Result "1-0"]
[WhiteElo "1801"]
[BlackElo "1911"]
[PlyCount "55"]
[EventDate "2022.12.03"]
[EventType "swiss"]
[EventRounds "9"]
[EventCountry "ESP"]
[SourceTitle "Ajedrez en Madrid"]
[Source "lmi"]
[SourceDate "2022.12.03"]
[SourceVersion "1"]
[SourceVersionDate "2022.12.10"]
[SourceQuality "1"]

1. e4 {[%emt 0:06:22]} c6 {[%emt 0:00:17]} 2. d4 {[%emt 0:00:05]} d5 {[%emt 0:00:02]} 3. e5 {[%emt 0:00:05]} c5 {[%emt 0:00:03]} 4. Nf3 {[%emt 0:00:20]} cxd4 {[%emt 0:00:24]} 5. Qxd4 {[%emt 0:00:06]} Nc6 {[%emt 0:00:27]} 6. Qf4 {[%emt 0:00:03]} e6 {[%emt 0:00:11]} 7. Bd3 {[%emt 0:00:05]} Nb4 {[%emt 0:00:31]} 8. Bd2 {[%emt 0:00:08]} Nxd3+ {[%emt 0:00:07]} 9. cxd3 {[%emt 0:00:02]} Ne7 {[%emt 0:01:19]} 10. Nc3 {[%emt 0:00:14]} Ng6 {[%emt 0:02:38]} 11. Qg3 {[%emt 0:01:13]} Bd7 {[%emt 0:09:51]} 12. h4 {[%emt 0:02:52]} h5 {[%emt 0:00:05]} 13. a4 {[%emt 0:04:38]} a6 {[%emt 0:01:12]} 14. Ne2 {[%emt 0:01:15]} Rc8 {[%emt 0:05:45]} 15. Nf4 {[%emt 0:12:09]} Nxf4 {[%emt 0:00:31]} 16. Qxf4 {[%emt 0:00:07]} f5 {[%emt 0:20:02]} 17. O-O {[%emt 0:04:42]} Be7 {[%emt 0:01:35]} 18. Bb4 {[%emt 0:02:01]} O-O {[%emt 0:01:02]} 19. Rfc1 {[%emt 0:01:08]} Rxc1+ {[%emt 0:01:10]} 20. Rxc1 {[%emt 0:00:04]} Bxa4 {[%emt 0:00:51]} 21. Bxe7 {[%emt 0:00:08]} Qxe7 {[%emt 0:02:10]} 22. Qxa4 {[%emt 0:00:12]} f4 {[%emt 0:00:32]} 23. Qa3 {[%emt 0:00:22]} Qf7 {[%emt 0:00:12]} 24. Qd6 {[%emt 0:00:08]} Qf5 {[%emt 0:00:24]} 25. Rc7 {[%emt 0:00:34]} Qxd3 {[%emt 0:00:37]} 26. Qxe6+ {[%emt 0:00:03]} Kh8 {[%emt 0:00:03]} 27. Qe7 {[%emt 0:00:20]} Rg8 {[%emt 0:00:41]} 28. Qg5 {[%emt 0:00:05]} 1-0

[Event "Torneo Benidorm Gran Hotel Bali - B 2022"]
[Site "Benidorm ESP"]
[Date "2022.12.08"]
[Round "7.2"]
[White "Aledo Yanguas, David"]
[Black "Perez Garcia, Juan Angel"]
[Result "1/2-1/2"]
[WhiteElo "1953"]
[BlackElo "1893"]
[PlyCount "139"]
[EventDate "2022.12.03"]
[EventType "swiss"]
[EventRounds "9"]
[EventCountry "ESP"]
[SourceTitle "Ajedrez en Madrid"]
[Source "lmi"]
[SourceDate "2022.12.03"]
[SourceVersion "1"]
[SourceVersionDate "2022.12.10"]
[SourceQuality "1"]

1. e4 {[%emt 0:03:36]} e5 {[%emt 0:00:15]} 2. Bc4 {[%emt 0:00:23]} Bc5 {[%emt 0:00:23]} 3. Nc3 {[%emt 0:00:12]} Nc6 {[%emt 0:01:09]} 4. Qf3 {[%emt 0:01:17]} Nf6 {[%emt 0:01:26]} 5. Nge2 {[%emt 0:00:08]} d6 {[%emt 0:02:48]} 6. d3 {[%emt 0:00:27]} Be6 {[%emt 0:04:28]} 7. Bg5 {[%emt 0:01:45]} Qe7 {[%emt 0:00:53]} 8. Nd5 {[%emt 0:06:14]} Bxd5 {[%emt 0:00:22]} 9. Bxd5 {[%emt 0:00:26]} Nd8 {[%emt 0:00:55]} 10. Ng3 {[%emt 0:01:17]} Ne6 {[%emt 0:08:26]} 11. Bxf6 {[%emt 0:02:33]} Qxf6 {[%emt 0:02:59]} 12. Qxf6 {[%emt 0:00:11]} gxf6 {[%emt 0:00:07]} 13. Bxb7 {[%emt 0:00:12]} Rb8 {[%emt 0:00:12]} 14. Bc6+ {[%emt 0:00:12]} Kf8 {[%emt 0:00:08]} 15. Rb1 {[%emt 0:29:41]} Bd4 {[%emt 0:11:01]} 16. Ke2 {[%emt 0:15:09]} Bxb2 {[%emt 0:03:04]} 17. c3 {[%emt 0:15:11]} Rb6 18. Nf5 {[%emt 0:01:52]} Nf4+ {[%emt 0:07:15]} 19. Kd2 {[%emt 0:00:14]} Bxc3+ {[%emt 0:05:22]} 20. Kxc3 {[%emt 0:00:09]} Rxc6+ {[%emt 0:00:07]} 21. Kd2 {[%emt 0:00:09]} Rb6 {[%emt 0:00:20]} 22. Rhc1 {[%emt 0:06:47]} Ne6 {[%emt 0:01:21]} 23. Ne3 {[%emt 0:02:10]} Kg7 {[%emt 0:08:51]} 24. Nd5 {[%emt 0:05:07]} Ra6 {[%emt 0:01:07]} 25. Rc2 {[%emt 0:02:00]} c5 {[%emt 0:05:52]} 26. Rb7 Nd4 {[%emt 0:01:04]} 27. Rcb2 {[%emt 0:00:16]} Rc8 {[%emt 0:00:31]} 28. Ne3 {[%emt 0:01:16]} Rcc6 {[%emt 0:05:23]} 29. Nc4 {[%emt 0:01:07]} Ra4 {[%emt 0:03:12]} 30. Rd7 {[%emt 0:01:02]} Rca6 {[%emt 0:01:46]} 31. a3 {[%emt 0:00:11]} Rxa3 {[%emt 0:07:13]} 32. Nxa3 {[%emt 0:00:08]} Rxa3 {[%emt 0:00:03]} 33. Rxd6 {[%emt 0:00:16]} a5 {[%emt 0:00:15]} 34. Rd5 {[%emt 0:01:22]} a4 {[%emt 0:00:19]} 35. g3 {[%emt 0:03:12]} Ra1 {[%emt 0:00:08]} 36. Rxc5 {[%emt 0:03:10]} Nb3+ {[%emt 0:00:16]} 37. Rxb3 {[%emt 0:00:05]} axb3 {[%emt 0:00:07]} 38. Rb5 {[%emt 0:00:08]} Ra2+ {[%emt 0:01:58]} 39. Ke3 {[%emt 0:00:10]} Rb2 {[%emt 0:01:12]} 40. f4 {[%emt 0:02:26]} Rb1 {[%emt 0:01:38]} 41. Kd2 {[%emt 0:03:57]} Rb2+ {[%emt 0:01:12]} 42. Ke3 {[%emt 0:01:54]} Rb1 {[%emt 0:00:12]} 43. Kd2 {[%emt 0:00:03]} Rb2+ {[%emt 0:00:14]} 44. Kc3 {[%emt 0:00:04]} Rxh2 {[%emt 0:00:27]} 45. Kxb3 {[%emt 0:00:33]} exf4 {[%emt 0:02:17]} 46. gxf4 {[%emt 0:00:13]} h5 {[%emt 0:00:55]} 47. Kc4 {[%emt 0:00:50]} h4 {[%emt 0:00:19]} 48. d4 {[%emt 0:00:27]} Rf2 {[%emt 0:00:21]} 49. d5 {[%emt 0:01:25]} h3 {[%emt 0:01:49]} 50. d6 {[%emt 0:00:16]} Rd2 {[%emt 0:01:56]} 51. e5 {[%emt 0:02:45]} h2 {[%emt 0:00:28]} 52. Rb1 {[%emt 0:00:05]} fxe5 {[%emt 0:00:41]} 53. fxe5 {[%emt 0:00:05]} f6 {[%emt 0:00:12]} 54. exf6+ {[%emt 0:01:17]} Kxf6 {[%emt 0:00:09]} 55. Kc5 {[%emt 0:00:07]} Ke6 {[%emt 0:00:10]} 56. Re1+ {[%emt 0:00:13]} Kd7 {[%emt 0:00:16]} 57. Re7+ {[%emt 0:00:15]} Kd8 {[%emt 0:00:15]} 58. Rh7 {[%emt 0:00:08]} Rc2+ {[%emt 0:00:29]} 59. Kd5 {[%emt 0:00:17]} Rd2+ {[%emt 0:00:07]} 60. Ke5 {[%emt 0:00:10]} Re2+ {[%emt 0:00:08]} 61. Kf4 {[%emt 0:00:16]} Rd2 {[%emt 0:00:07]} 62. Rh6 {[%emt 0:00:19]} h1=Q {[%emt 0:00:31]} 63. Rxh1 {[%emt 0:00:08]} Rxd6 {[%emt 0:00:10]} 64. Rh8+ {[%emt 0:00:12]} Kd7 {[%emt 0:00:06]} 65. Rh5 {[%emt 0:00:21]} Rd1 {[%emt 0:00:14]} 66. Ke4 {[%emt 0:00:09]} Re1+ {[%emt 0:00:04]} 67. Kf5 {[%emt 0:00:14]} Rf1+ {[%emt 0:00:11]} 68. Kg6 {[%emt 0:00:04]} Rg1+ {[%emt 0:00:08]} 69. Rg5 {[%emt 0:00:04]} Rxg5+ {[%emt 0:00:06]} 70. Kxg5 {[%emt 0:00:04]} 1/2-1/2

[Event "Torneo Benidorm Gran Hotel Bali - B 2022"]
[Site "Benidorm ESP"]
[Date "2022.12.08"]
[Round "7.3"]
[White "Amoros Moran, Jose Joaquin"]
[Black "Lloret Mauri, Jaime"]
[Result "1-0"]
[WhiteElo "1830"]
[BlackElo "1985"]
[PlyCount "109"]
[EventDate "2022.12.03"]
[EventType "swiss"]
[EventRounds "9"]
[EventCountry "ESP"]
[SourceTitle "Ajedrez en Madrid"]
[Source "lmi"]
[SourceDate "2022.12.03"]
[SourceVersion "1"]
[SourceVersionDate "2022.12.10"]
[SourceQuality "1"]

1. e4 {[%emt 0:13:58]} e6 {[%emt 0:00:07]} 2. d4 {[%emt 0:00:11]} d5 {[%emt 0:00:06]} 3. e5 {[%emt 0:00:31]} c5 {[%emt 0:00:07]} 4. c3 {[%emt 0:00:07]} Nc6 {[%emt 0:00:06]} 5. Nf3 {[%emt 0:00:10]} Qb6 {[%emt 0:00:10]} 6. a3 {[%emt 0:00:21]} a5 {[%emt 0:00:09]} 7. Bd3 {[%emt 0:01:59]} Bd7 {[%emt 0:00:38]} 8. O-O {[%emt 0:01:22]} cxd4 {[%emt 0:00:18]} 9. cxd4 {[%emt 0:22:43]} Nxd4 {[%emt 0:00:18]} 10. Nxd4 {[%emt 0:03:49]} Qxd4 {[%emt 0:00:06]} 11. Qe2 {[%emt 0:00:19]} Ne7 {[%emt 0:05:10]} 12. Nd2 {[%emt 0:05:24]} Nc6 {[%emt 0:07:26]} 13. Nf3 {[%emt 0:00:06]} Qb6 {[%emt 0:00:05]} 14. Be3 {[%emt 0:00:51]} Qd8 {[%emt 0:00:46]} 15. h4 {[%emt 0:02:50]} Be7 {[%emt 0:12:16]} 16. h5 {[%emt 0:04:55]} Rc8 {[%emt 0:03:03]} 17. g4 {[%emt 0:07:44]} O-O {[%emt 0:06:32]} 18. g5 {[%emt 0:03:03]} Kh8 {[%emt 0:01:33]} 19. Rad1 {[%emt 0:07:28]} f6 {[%emt 0:03:17]} 20. exf6 {[%emt 0:09:06]} gxf6 {[%emt 0:00:11]} 21. g6 {[%emt 0:00:12]} Rg8 {[%emt 0:00:20]} 22. Kh1 {[%emt 0:04:46]} f5 {[%emt 0:02:48]} 23. Rg1 {[%emt 0:01:41]} hxg6 {[%emt 0:01:58]} 24. hxg6 {[%emt 0:00:20]} Kg7 {[%emt 0:03:38]} 25. Bf4 {[%emt 0:04:12]} Rh8+ {[%emt 0:01:48]} 26. Kg2 {[%emt 0:00:06]} Kxg6 {[%emt 0:01:48]} 27. Kf1+ {[%emt 0:02:41]} Kf7 {[%emt 0:01:48]} 28. Ng5+ {[%emt 0:01:06]} Bxg5 {[%emt 0:00:32]} 29. Bxg5 {[%emt 0:00:12]} Qc7 {[%emt 0:02:43]} 30. f4 {[%emt 0:00:25]} Rcg8 {[%emt 0:06:15]} 31. Re1 {[%emt 0:00:26]} Qb6 {[%emt 0:08:44]} 32. Rd1 {[%emt 0:02:09]} Rh3 {[%emt 0:05:40]} 33. Qg2 {[%emt 0:00:59]} Qe3 {[%emt 0:00:46]} 34. Be2 {[%emt 0:00:37]} Rgh8 {[%emt 0:00:26]} 35. Rd3 {[%emt 0:00:34]} Qc1+ {[%emt 0:00:38]} 36. Rd1 {[%emt 0:00:29]} Qxb2 {[%emt 0:00:17]} 37. Bh5+ {[%emt 0:00:03]} R8xh5 {[%emt 0:02:30]} 38. Qxb2 {[%emt 0:00:04]} d4 {[%emt 0:00:30]} 39. Rxd4 {[%emt 0:00:48]} Nxd4 {[%emt 0:00:34]} 40. Qxd4 {[%emt 0:00:02]} Bb5+ {[%emt 0:04:38]} 41. Kf2 {[%emt 0:00:25]} Rh2+ {[%emt 0:01:29]} 42. Rg2 {[%emt 0:00:08]} Rxg2+ 43. Kxg2 Bc6+ {[%emt 0:00:09]} 44. Kg3 {[%emt 0:00:35]} Rh7 {[%emt 0:02:23]} 45. Qf6+ {[%emt 0:00:14]} Kg8 {[%emt 0:00:18]} 46. Bh6 {[%emt 0:01:07]} Rd7 {[%emt 0:00:47]} 47. Qxe6+ {[%emt 0:00:27]} Kh7 {[%emt 0:00:10]} 48. Bg5 {[%emt 0:00:14]} Rd3+ {[%emt 0:01:28]} 49. Kf2 {[%emt 0:00:47]} Rd2+ {[%emt 0:01:54]} 50. Ke3 {[%emt 0:00:32]} Rd7 {[%emt 0:01:01]} 51. Qxf5+ {[%emt 0:00:05]} Kg7 {[%emt 0:00:39]} 52. Bf6+ {[%emt 0:00:11]} Kg8 {[%emt 0:00:51]} 53. Be5 {[%emt 0:00:03]} a4 {[%emt 0:01:08]} 54. Qg6+ {[%emt 0:00:22]} Kf8 {[%emt 0:00:09]} 55. Bd6+ {[%emt 0:00:16]} 1-0

[Event "Torneo Benidorm Gran Hotel Bali - B 2022"]
[Site "Benidorm ESP"]
[Date "2022.12.08"]
[Round "7.4"]
[White "Gutierrez Marco, Dario"]
[Black "Ramadugu, Akshay"]
[Result "0-1"]
[WhiteElo "1949"]
[BlackElo "1812"]
[PlyCount "80"]
[EventDate "2022.12.03"]
[EventType "swiss"]
[EventRounds "9"]
[EventCountry "ESP"]
[SourceTitle "Ajedrez en Madrid"]
[Source "lmi"]
[SourceDate "2022.12.03"]
[SourceVersion "1"]
[SourceVersionDate "2022.12.10"]
[SourceQuality "1"]

1. b4 {[%emt 0:00:02]} e5 {[%emt 0:07:30]} 2. a3 {[%emt 0:00:07]} d5 {[%emt 0:00:19]} 3. Bb2 {[%emt 0:00:05]} Bd6 {[%emt 0:04:49]} 4. Nf3 {[%emt 0:00:38]} Nd7 {[%emt 0:06:05]} 5. e3 {[%emt 0:03:17]} c6 {[%emt 0:07:07]} 6. c4 {[%emt 0:05:39]} Ngf6 {[%emt 0:02:43]} 7. d3 {[%emt 0:08:51]} Qe7 {[%emt 0:01:46]} 8. Be2 {[%emt 0:04:50]} O-O {[%emt 0:02:52]} 9. O-O {[%emt 0:08:08]} Ng4 {[%emt 0:09:41]} 10. h3 {[%emt 0:05:03]} Nh6 {[%emt 0:00:35]} 11. Nc3 {[%emt 0:07:45]} Nf6 {[%emt 0:03:38]} 12. Qb3 {[%emt 0:04:36]} e4 {[%emt 0:11:41]} 13. dxe4 {[%emt 0:03:04]} dxe4 {[%emt 0:00:28]} 14. Nd2 {[%emt 0:00:15]} Qe5 {[%emt 0:03:55]} 15. g3 {[%emt 0:01:27]} Qf5 {[%emt 0:01:01]} 16. Qc2 {[%emt 0:08:35]} Qxh3 {[%emt 0:01:41]} 17. Ncxe4 {[%emt 0:00:23]} Nfg4 {[%emt 0:06:21]} 18. Nf3 {[%emt 0:05:46]} Bf5 {[%emt 0:03:30]} 19. Neg5 {[%emt 0:00:54]} Nxe3 {[%emt 0:05:56]} 20. Nxh3 {[%emt 0:01:28]} Nxc2 {[%emt 0:00:06]} 21. Rac1 {[%emt 0:00:35]} Nxb4 {[%emt 0:03:06]} 22. c5 {[%emt 0:00:54]} Be7 {[%emt 0:00:13]} 23. axb4 {[%emt 0:00:30]} Bxh3 {[%emt 0:00:05]} 24. Rfd1 {[%emt 0:00:16]} Rad8 {[%emt 0:01:49]} 25. Ra1 {[%emt 0:00:52]} a6 {[%emt 0:00:09]} 26. Bc4 {[%emt 0:00:34]} Bg4 {[%emt 0:00:46]} 27. Rxd8 {[%emt 0:00:17]} Rxd8 {[%emt 0:00:04]} 28. Ne5 {[%emt 0:00:12]} Be6 {[%emt 0:02:33]} 29. Bxa6 {[%emt 0:01:11]} bxa6 {[%emt 0:00:07]} 30. Nxc6 {[%emt 0:00:01]} Rd7 {[%emt 0:02:06]} 31. Nxe7+ {[%emt 0:00:08]} Rxe7 {[%emt 0:00:01]} 32. Rxa6 {[%emt 0:00:01]} Bd5 {[%emt 0:01:03]} 33. Ra1 {[%emt 0:01:16]} Bc6 {[%emt 0:00:25]} 34. Rd1 {[%emt 0:02:09]} f5 {[%emt 0:00:24]} 35. f3 {[%emt 0:02:34]} Bxf3 {[%emt 0:04:25]} 36. Rd8+ {[%emt 0:00:12]} Kf7 {[%emt 0:00:02]} 37. b5 {[%emt 0:00:35]} Ng4 {[%emt 0:00:06]} 38. Bc3 {[%emt 0:01:17]} Re3 {[%emt 0:00:28]} 39. Bd2 {[%emt 0:00:51]} Rb3 {[%emt 0:00:12]} 40. Kf1 {[%emt 0:00:37]} Rxb5 {[%emt 0:00:05]} 0-1